000 00452nam a2200205Ia 4500
008 210210b1955 xxu||||| |||| 00| 0 eng d
041 _aeng
082 _a330/437
100 _aSTONIER
245 _aText book of economic theory
260 _aLondon
_bLongmans Green & Co
_c1955
650 _atheory
650 _aText
650 _aof
650 _aeconomic
650 _abook
690 _aEconomics
700 _aHAGUE
906 _a003840
999 _c121214
_d121214